000 00385pam a2200157a 44500
008 230515b1992 xxu||||| |||| 00| 0 eng d
020 _aNULL
041 _aENGLISH
082 _a611
100 _aGUPTA L C & SAHU U C
245 _aSINGS & SYNDROMERS IN RADIOLOGY
250 _a0
260 _aNEW DEHLI
_bCBA PUBLISHERS AND DISTRIBUTORS
_c1992
300 _a184
650 _aNULL
999 _c551044
_d551044